<Das> Bankwesen in der Bundesrepublik Deutschland
Salvato in:
| Autore principale: | |
|---|---|
| Natura: | Libro |
| Lingua: | tedesco |
| Pubblicazione: |
Köln
Bankverlag
1977
|
| Tags: |
Nessun Tag, puoi essere il primo ad aggiungerne!!
|
MARC
| LEADER | 00000nam a2200000 4500 | ||
|---|---|---|---|
| 001 | 0222886 | ||
| 005 | 20240822101702.4 | ||
| 041 | 0 | |a ger | |
| 044 | |a DE | ||
| 245 | 1 | 0 | |a <Das> Bankwesen in der Bundesrepublik Deutschland |c Jürgen Stein |
| 264 | 1 | |a Köln |b Bankverlag |c 1977 | |
| 300 | |a 32 s. | ||
| 100 | 1 | |a Stein, Jürgen | |